Vývoj spotrebiteľských cien v máji 1997 v Slovenskej republike

Priemerné spotrebiteľské ceny v SR podľa údajov Štatistického úradu SR. Spotrebiteľské ceny za domácnosti (životné náklady). Vývoj indexov spotrebiteľských cien - domácnosti spolu a dôchodcovia. Indexy spotrebiteľských cien podľa odborov.

Salvato in:
Dettagli Bibliografici
Natura: Capitolo di libro
Lingua:slovacco
Soggetti:
Tags: Aggiungi Tag
Nessun Tag, puoi essere il primo ad aggiungerne!!

MARC

LEADER 00000naa a2200000 4500
001 r026949
005 20230824090111.9
041 0 |a slo 
044 |a SK 
245 1 0 |a Vývoj spotrebiteľských cien v máji 1997 v Slovenskej republike 
520 |a Priemerné spotrebiteľské ceny v SR podľa údajov Štatistického úradu SR. Spotrebiteľské ceny za domácnosti (životné náklady). Vývoj indexov spotrebiteľských cien - domácnosti spolu a dôchodcovia. Indexy spotrebiteľských cien podľa odborov. 
610 2 0 |a Slovensko 
610 2 0 |a máj 
610 2 0 |a 1997 
610 2 0 |a ceny spotrebiteľské 
610 2 0 |a vývoj cenový 
610 2 0 |a ŠÚ SR Bratislava 
610 2 0 |a náklady životné 
610 2 0 |a indexy cenové 
610 2 0 |a údaje štatistické